Histoire de la Révolution Française / (Record no. 166262)
[ view plain ]
| 000 -LEADER | |
|---|---|
| campo de control de longitud fija | 00638nam a22001695i 4500 |
| 001 - NÚMERO DE CONTROL | |
| campo de control | 166262 |
| 003 - IDENTIFICADOR DE NÚMERO DE CONTROL | |
| campo de control | ES-MaACL |
| 005 - FECHA Y HORA DE LA ÚLTIMA TRANSACCIÓN | |
| campo de control | 20260201063018.0 |
| 008 - DATOS DE LONGITUD FIJA--INFORMACIÓN GENERAL | |
| campo de control de longitud fija | 050908s1834 fr a | |||||||| ||fre d |
| 040 ## - FUENTE DE CATALOGACIÓN | |
| Centro catalogador/agencia de origen | CAM |
| Lengua de catalogación | spa |
| Centro/agencia transcriptor | CAM |
| 100 1# - ENTRADA PRINCIPAL--NOMBRE DE PERSONA | |
| Nombre de persona | Thiers, Adolphe, |
| Fechas asociadas al nombre | 1797-1877 |
| 9 (RLIN) | 173508 |
| 245 10 - MENCIÓN DEL TÍTULO | |
| Título | Histoire de la Révolution Française / |
| Mención de responsabilidad, etc. | par M.A. Thiers. |
| 260 ## - PUBLICACIÓN, DISTRIBUCIÓN, ETC. | |
| Lugar de publicación, distribución, etc. | Bruxelles : |
| Nombre del editor, distribuidor, etc. | J.P. Meline libraire-éditeur, |
| Fecha de publicación, distribución, etc. | 1834 ( |
| Fabricante | Imprimerie d'Ad. Wahlen) |
| 300 ## - DESCRIPCIÓN FÍSICA | |
| Extensión | 6 v. (525 p., [1] h. de lám.; 508; 502; 504; 461 p., [1] h. pleg. de mapa; 472 p.) ; |
| Dimensiones | 23 cm. |
| 852 ## - LOCALIZACIÓN | |
| Ubicación | ES-MaACL |
| Número de control de estantería | F-7347-7352 |
| Nota libre | -- Enc. hol. |
| Estatus retirado | Estado de pérdida | Estado de daño | No para préstamo | Colección | Biblioteca de origen | Biblioteca actual | Ubicación en estantería | Fecha de adquisición | Fuente de adquisición | Total de préstamos | Signatura topográfica completa | Código de barras | Visto por última vez | Precio de reemplazo | Tipo de ítem Koha |
|---|---|---|---|---|---|---|---|---|---|---|---|---|---|---|---|
| Libros del s. XIX | Biblioteca del Ateneo de Madrid | Biblioteca del Ateneo de Madrid | Depósito 2 | 17/01/2008 | F-7347-7352 | 1174363 | 23/02/2023 | 23/02/2023 | Libro impreso antiguo |
